1566 1739 1548 1348 1376 1787 1579 1254 1543 1634 1933 1119 1369 1577 1545 1266 1867 1701 1438 1785 1397 1888 1693 1148 1160 1536 1003 1973 1113 1182 1870 1769 1454 1151 1519 1707 1508 1893 1737 1436 1824 1989 1628 1199 1512 1399 1831 1117 1638 1177 1205 1073 1479 1914 1007 1112 1322 1657 1062 1691 1238 1956 1258 1353 1343 1053 1415 1261 1093 1110 1525 1932 1323 1798 1445 1961 1579 1752 1991 1734 1635 1881 1915 1945 1317 1109 1276 1690 1630 1987 1977 1759 1864 1393 1615 1187 1913 1300 1210 BCNSPRNW ULIB Ver.6.0+V

เปลี่ยนเป็นภาษาไทย

Change to English
 แสดงรายละเอียดบรรณานุกรม
  กลับหน้าหลัก

Brief Record : Get Marc (ISO 2709) : E-mail record : QR code < ปิดหน้าต่าง
LEADER : 00000nam 2200000uu 4500
001    13399126358
003     ULIB
008    180911s2558||||th 000 0 tha d
020    ^a9786165128933
050 04 ^aSB449^bณ116ง
100 0  ^aณภัทร ทองแย้ม
245 10 ^aงานฝีมือสุดคุ้ม ชุด การจัดดอกไม้ 2 / ^cณภัทร ทองแย้ม, สุพัสดา ศรีอุดร และสมัย ศรีอุดร
260    ^aกรุงเทพฯ : ^bวาดศิลป์, ^c2558
300    ^a64 หน้า :^bภาพประกอบสี ; ^c25 ซม.
650  4 ^aการจัดการดอกไม้.
700 0  ^aสุพัสดา ศรีอุดร, ^eผู้แต่งร่วม
700 0  ^aสมัย ศรีอุดร, ^eผู้แต่งร่วม
945    ^p150^l0^i004591
999    ^aประนอม เกษจรัล
รายการนี้ยังไม่มีแท็ก
คุณยังไม่ได้ล็อกอิน คุณสามารถมีกิจกรรมร่วมกับเว็บไซต์ได้ แต่ต้องล็อกอินก่อน ::
  ล็อกอิน

รายการสื่อสารสนเทศ

ลำดับที่ ประเภท เลขเรียก/บาร์โค้ด สถานที่ สถานะ
1. การศึกษาทั่วไป
หนังสือสำรอง
สถานะ=หนังสือสำรอง
SB449 ณ116ง ฉ.1 
  Barcode: 004591
ห้องสมุดวิทยาเขตสวรรค์ประชารักษ์
►หนังสือทั่วไป
บนชั้น

รายการใกล้เคียง
    ผู้แต่ง [ณภัทร ทองแย้ม]

    หัวเรื่อง [การจัดการดอกไม้.]

BibComment


ยังไม่เคยถูกคอมเมนท์

คอมเมนท์ทรัพยากรรายการนี้
  คอมเมนท์: งานฝีมือสุดคุ้ม ..


 Copyright 2026. Bcnsprnw @Library